[Event "Keres Mem Open"]
[Site "Tallinn EST"]
[Date "2001.07.26"]
[Round "3"]
[White "Lugovoi,A"]
[Black "Akimov,I"]
[Result "1-0"]
[WhiteElo "2485"]
[BlackElo "2300"]

1.d4 d5 2.c4 c6 3.Nc3 Nf6 4.Nf3 a6 5.cxd5 cxd5 6.Ne5 e6 7.g3 Be7 8.Bg2 O-O
9.O-O Bd7 10.f4 Nc6 11.Kh1 Rc8 12.g4 Ne8 13.Be3 Nd6 14.Bg1 Be8 15.Rc1 f5
16.gxf5 Nxf5 17.e4 dxe4 18.d5 Nxe5 19.fxe5 Bg5 20.Rb1 exd5 21.Qxd5+ Qxd5
22.Nxd5 Bb5 23.Rfe1 Bd3 24.Ra1 Bd2 25.Red1 Rc2 26.e6 Re8 27.Bh3 e3 28.Bxf5 Bxf5
29.Bxe3 Be4+ 30.Kg1 Bxe3+ 31.Nxe3 Rxe6 32.Nxc2 Rg6+ 33.Kf2 Rg2+ 34.Ke3 Bxc2
35.Rd8+ Kf7 36.Rd7+ Kg6 37.Rxb7 Rxh2 38.Rg1+ Kh5 39.Rgxg7 h6 40.Rb6 Bb1 41.a4 a5
42.Ra7 Kg4 43.Rxa5 Rh3+ 44.Kd2 Rh2+ 45.Kc3 h5 46.Rb4+ Kf3 47.Ra8 h4 48.Rf8+ Kg3
49.Rg8+ Kf3 50.a5 h3 51.Rh4 Ba2 52.b3 Rh1 53.Rgh8 Kg2 54.Rxh3 Rxh3+ 55.Rxh3  1-0

[Event "MTO"]
[Site "Biel SUI"]
[Date "2001.07.27"]
[Round "5"]
[White "Fish,G"]
[Black "Gutkin,B"]
[Result "1-0"]
[WhiteElo "2502"]
[BlackElo "2295"]

1.d4 d5 2.c4 c6 3.Nf3 Nf6 4.Nc3 a6 5.c5 Nbd7 6.Bf4 Nh5 7.e3 g6 8.h3 Nxf4
9.exf4 Bh6 10.g3 O-O 11.Bd3 b6 12.b4 bxc5 13.bxc5 Qa5 14.Qc2 Bg7 15.Rc1 Qb4
16.a3 Qxa3 17.O-O Rb8 18.Ra1 Qb2 19.Na4 Qxc2 20.Bxc2 f6 21.Rfe1 Kf7 22.f5 Re8
23.Nh4 Nf8 24.Nb6 e5 25.Nxc8 Rbxc8 26.Rxa6 exd4 27.Ra7+ Kg8 28.Rxe8 Rxe8
29.fxg6 hxg6 30.Nxg6 Nxg6 31.Bxg6 Re1+ 32.Kg2 Rc1 33.Ra8+ Bf8 34.h4 Rc3 35.h5 Kg7
36.Bf5 Bxc5 37.Rb8 d3 38.Rb7+ Kh6 39.f4  1-0

[Event "GM"]
[Site "Hasselbacken SWE"]
[Date "2001.07.29"]
[Round "2"]
[White "Ernst,T"]
[Black "Engqvist,T"]
[Result "1-0"]
[WhiteElo "2435"]
[BlackElo "2365"]

1.d4 d5 2.c4 c6 3.Nf3 Nf6 4.Nc3 a6 5.Bg5 Ne4 6.h4 h6 7.Bf4 e6 8.e3 Nxc3 9.bxc3 c5
10.Bd3 dxc4 11.Bxc4 b5 12.Bb3 Bb7 13.O-O Be7 14.Ne5 h5 15.dxc5 Qxd1 16.Raxd1 Nc6
17.Rd7 Bc8 18.Rc7 Nxe5 19.Bxe5 Bd8 20.c6 Bxc7 21.Bxc7 a5 22.Rd1 Ke7 23.Bc2 e5
24.Bxe5 Be6 25.a3 Rhd8 26.Bd4 Rac8 27.Bd3 Rxc6 28.Rb1 Bc4 29.Bxc4 bxc4 30.Rb5 a4
31.Rxh5 Rb8 32.Ra5 Rb1+ 33.Kh2 Rb2 34.Kg3 Rg6+ 35.Kf3 Rc6 36.Rxa4 f6 37.Ra7+ Kf8
38.g4 Ra2 39.h5 Ra1 40.Ke4 Rg1 41.Kf5 Rg2 42.f4 Rg1 43.g5 Rh1 44.h6 gxh6
45.gxf6 h5 46.e4 h4 47.e5 Re1 48.Rh7  1-0

[Event "Inline Czechia Cup"]
[Site "Olomouc CZE"]
[Date "2001.08.04"]
[Round "4"]
[White "Pieniazek,Ar"]
[Black "Husted,P"]
[Result "1-0"]
[WhiteElo "2403"]
[BlackElo "2171"]

1.d4 d5 2.c4 c6 3.Nf3 Nf6 4.Nc3 a6 5.c5 g6 6.Bf4 Bg7 7.e3 O-O 8.Bd3 Bf5 9.Bxf5 gxf5
10.O-O Nbd7 11.Qb3 Ra7 12.Ne5 Nxe5 13.Bxe5 Nd7 14.Bxg7 Kxg7 15.Qc2 e6 16.b4 Qf6
17.Ne2 Kh8 18.Ng3 Qh6 19.Qd2 Rg8 20.f3 Raa8 21.a4 Nf8 22.b5 f4 23.exf4 Ng6
24.bxc6 Nxf4 25.Rf2 bxc6 26.Rb1 Qf6 27.Kh1 h5 28.Rb7 h4 29.Ne2 Rab8 30.Rb6 Nxe2
31.Rxe2 h3 32.Qe3 Rxb6 33.cxb6 hxg2+ 34.Rxg2 Rxg2 35.Kxg2 Qg6+ 36.Kf2 Qc2+
37.Qe2 Qxa4 38.Qb2  1-0

[Event "Nordic Championships"]
[Site "Bergen NOR"]
[Date "2001.08.06"]
[Round "3"]
[White "Tjomsland,S"]
[Black "Pedersen,St"]
[Result "1/2-1/2"]
[WhiteElo "2269"]
[BlackElo "2453"]

1.d4 d5 2.c4 c6 3.Nc3 Nf6 4.Nf3 a6 5.a4 e6 6.Bg5 Nbd7 7.e3 Qa5 8.Nd2 Bb4
9.Qc2 c5 10.dxc5 Qxc5 11.Be2 dxc4 12.Bxf6 Nxf6 13.O-O Bd7 14.Nce4 Nxe4 15.Nxe4 Qe7
16.Qxc4 Bc6 17.Bf3 O-O 18.Ng5 Rac8 19.Bxc6 Rxc6 20.Qb3 a5 21.Nf3 e5 22.Rac1 Rfc8
23.Rxc6 Rxc6 24.e4 h6 25.Rd1 Qc7 26.g3 Rc4 27.Rd8+ Kh7 28.Qd3 Rc1+ 29.Kg2 Rc2
30.Rd5 Rxb2 31.Nxe5 Rd2 32.Qb5 Ra2 33.Rd7 Qc2 34.Nd3 Qc6 35.Qf5+ Qg6 36.Rxf7 Qxf5
37.exf5 Rxa4 38.Ne5 Kg8 39.Rxb7 Bd6 40.Nc6 Ra2 41.Rb5 a4 42.Rd5 Bc7 43.Rd7 Bb6
44.Ne7+ Kf8 45.Nd5 Rxf2+ 46.Kh3 Bc5 47.Rc7 Bd6 48.Rc8+ Kf7 49.Ra8 a3 50.Ra7+ Ke8
51.Nc7+ Bxc7 52.Rxc7 a2 53.Ra7 Kd8 54.g4 Kc8 55.Kg3 Kb8 56.Ra4 Rc2 57.h4 Kc7
58.g5 hxg5 59.hxg5 Kd6 60.Ra6+ Ke7  1/2-1/2

[Event "FSIMA August"]
[Site "Budapest HUN"]
[Date "2001.08.08"]
[Round "5"]
[White "Cooke,E"]
[Black "Turzo,A"]
[Result "0-1"]
[WhiteElo "2237"]
[BlackElo "2372"]

1.d4 d5 2.c4 c6 3.Nc3 Nf6 4.Nf3 a6 5.cxd5 cxd5 6.Bf4 Nc6 7.e3 Bg4 8.h3 Bxf3
9.Qxf3 e6 10.Bd3 Bd6 11.Bg5 Be7 12.O-O O-O 13.Rac1 Rc8 14.Rfd1 b5 15.Bb1 Qb6
16.Qe2 Rfd8 17.f4 Nd7 18.Rf1 Nf8 19.Kh1 Qb7 20.Qf2 Na5 21.Bxe7 Qxe7 22.f5 Nc4
23.Qg3 exf5 24.Bxf5 Rc6 25.e4 dxe4 26.d5 Rh6 27.Rfe1 Qd6 28.Qg4 Nxb2 29.Qxe4 Nc4
30.Qd4 Qb6 31.Qf4 Qd6 32.Qd4 Qf6 33.Qd3 g6 34.Ne4 Qg7 35.Ng3 Rh4 36.Bg4 Ne5
37.Qe3 Nxg4 38.Qe7 Qf6 39.Rc7 Rxh3+ 40.gxh3 Qf3+  0-1

[Event "Stork YM"]
[Site "Hengelo NED"]
[Date "2001.08.10"]
[Round "8"]
[White "Janssen,R"]
[Black "Ginzburg,Mi"]
[Result "1-0"]
[WhiteElo "2437"]
[BlackElo "2274"]

1.Nf3 d5 2.d4 c6 3.c4 Nf6 4.Nc3 a6 5.Bg5 Nbd7 6.e3 e6 7.Bd3 Be7 8.O-O O-O
9.a3 b5 10.c5 a5 11.h3 h6 12.Bf4 Bb7 13.Qe2 Nh5 14.Bh2 Nhf6 15.Rac1 Qc8 16.Rfe1 b4
17.Na2 b3 18.Nc3 a4 19.e4 Re8 20.e5 Nh7 21.Qd2 Ndf8 22.Bb1 Qd8 23.Kh1 Bc8
24.Ng1 f5 25.exf6 Bxf6 26.Bd6 Ra7 27.f4 Be7 28.Bxe7 Qxe7 29.Nf3 Nd7 30.Qd3 Nhf8
31.Qe3 Qf6 32.Rf1 Re7 33.Ne5 Nxe5 34.fxe5 Qg5 35.Qxg5 hxg5 36.Rf2 Rf7 37.Rcf1 Rxf2
38.Rxf2 Bd7 39.Kh2 Be8 40.Kg3 Bh5 41.Bd3 Bg6 42.Rxf8+ Kxf8 43.Bxg6 Ke7 44.Bh5 Ra8
45.Bf3 Rf8 46.Kf2 Ra8 47.Ke3 Kf7 48.Kd3 Kg6 49.Bg4 Kf7 50.Ne2 Ke7 51.Kc3 Rb8
52.Ng1 Rf8 53.Nf3 Rb8 54.Nxg5 Rf8 55.Nf3 Rb8 56.Bh5 Rh8 57.Bg6 Rb8 58.h4 Rb7
59.Ng5  1-0

[Event "7th Stage Russian Cup"]
[Site "Togliatty RUS"]
[Date "2001.08.12"]
[Round "5"]
[White "Bocharov,D"]
[Black "Vorobiov,E"]
[Result "0-1"]
[WhiteElo "2385"]
[BlackElo "2503"]

1.d4 d5 2.c4 c6 3.Nf3 Nf6 4.Nc3 a6 5.e3 b5 6.cxd5 cxd5 7.Bd2 e6 8.Bd3 Be7
9.Ne5 O-O 10.O-O Bb7 11.f4 Nbd7 12.Qf3 b4 13.Ne2 Ne4 14.Be1 f6 15.Ng4 Rc8
16.Qh3 Qb6 17.Bh4 Rf7 18.f5 Nf8 19.Ng3 Rc7 20.Rac1 Bd8 21.Nxe4 dxe4 22.Bc4 Bd5
23.Ne5 Rfe7 24.fxe6 Bxc4 25.Nxc4 Qxe6 26.Qxe6+ Rxe6 27.Bg3 Rd7 28.Rf5 Ng6
29.d5 Re8 30.d6 Kf7 31.Rc5 Nf8 32.Rc6 Ra7 33.Rd1 Nd7 34.Rc8 a5 35.Kf2 Ra6
36.Ke2 f5 37.Rd5 g6 38.Rb5 Bf6 39.Rc7 Ke6 40.Rbb7 Rd8 41.b3 g5 42.Ra7 Rxa7
43.Rxa7 h5 44.Rxa5 h4 45.Be1 Rb8 46.Ra4 Bc3 47.Bxc3 bxc3 48.Ra5 Rf8 49.Kd1 f4
50.Rxg5 f3 51.gxf3 exf3 52.Rg1 Nc5 53.Rf1 Ne4 54.d7 f2 55.Ke2 Kxd7 56.Ne5+ Kd6
57.Nd3 c2 58.Rc1 Nc3+ 59.Kf1 Nd1 60.Nf4 Re8 61.Nd3 Rf8 62.Nf4 Nxe3+ 63.Kxf2 Nd5  0-1

[Event "7th Stage Russian Cup"]
[Site "Togliatty RUS"]
[Date "2001.08.12"]
[Round "5"]
[White "Tunik,G"]
[Black "Alavkin,A"]
[Result "1/2-1/2"]
[WhiteElo "2451"]
[BlackElo "2466"]

1.d4 d5 2.c4 c6 3.Nf3 Nf6 4.Nc3 a6 5.a4 e6 6.Bg5 Nbd7 7.e3 Qa5 8.Nd2 Bb4
9.Qc2 dxc4 10.Bxf6 Nxf6 11.Nxc4 Qc7 12.Be2 O-O 13.O-O Bd7 14.Bf3 Rac8 15.e4 b5
16.Ne5 c5 17.Na2 bxa4 18.Nxb4 cxb4 19.Qxc7 Rxc7 20.Nxd7 Rxd7 21.e5 Ne8 22.Rfd1 a3
23.bxa3 bxa3 24.Rxa3 Nc7 25.Bc6 Rdd8 26.Rb3 Nd5 27.g3 g6 28.Kg2 Ne7 29.Be4 Rd7
30.Rb4 Rdd8 31.Ra4 Nd5 32.Bxd5 Rxd5 33.Rxa6  1/2-1/2

[Event "7th Stage Russian Cup"]
[Site "Togliatty RUS"]
[Date "2001.08.12"]
[Round "5"]
[White "Zakharevich,I"]
[Black "Akimov,I"]
[Result "1-0"]
[WhiteElo "2477"]
[BlackElo "2300"]

1.d4 d5 2.Nf3 Nf6 3.c4 c6 4.Nc3 a6 5.c5 Nbd7 6.Bf4 Nh5 7.e3 g6 8.Bd3 Bg7
9.O-O f6 10.h3 e5 11.Bh2 e4 12.g4 exd3 13.gxh5 O-O 14.hxg6 hxg6 15.Qxd3 Re8
16.Qxg6 Nf8 17.Qh5 Be6 18.Kh1 Qd7 19.Rg1 Qf7 20.Rxg7+ Kxg7 21.Rg1+ Qg6 22.Bf4 Qxg1+
23.Kxg1 Nh7 24.Nh4 Rg8 25.Kh2  1-0

[Event "FSIMB August"]
[Site "Budapest HUN"]
[Date "2001.08.13"]
[Round "10"]
[White "Kahn,E"]
[Black "Hoenig,A"]
[Result "1-0"]
[WhiteElo "2278"]
[BlackElo "2263"]

1.d4 d5 2.c4 c6 3.Nf3 Nf6 4.Nc3 a6 5.c5 Bf5 6.Qb3 Qc8 7.Bf4 Nbd7 8.h3 h6
9.e3 g5 10.Bg3 Bg7 11.Be2 Ne4 12.Nxe4 Bxe4 13.O-O O-O 14.h4 f6 15.Nd2 Bg6
16.e4 Bf7 17.exd5 Bxd5 18.Bc4 e6 19.Rfe1 f5 20.Bd6 Re8 21.hxg5 hxg5 22.Nf3 g4
23.Ng5 Nf8 24.Re2 Qd7 25.Rae1 Bf6 26.Nxe6 Rxe6 27.Bxd5 cxd5 28.Rxe6 Nxe6
29.Qxd5 Re8 30.Qxf5 Nf8 31.Qb1 Rxe1+ 32.Qxe1 Bxd4 33.Qe2 Qe6 34.Qd2 Bg7 35.b4 Nd7
36.a4 Nf6 37.Bf4 Nd5 38.Bg3 Bh6 39.Qd4 Bg7 40.Qc4 Kf7 41.b5 axb5 42.axb5 Nf6
43.Qf4 Qd7 44.c6 bxc6 45.b6 Ke8 46.Qb8+ Qd8 47.Qe5+ Qe7 48.b7 Nd7 49.Qh5+ Kd8
50.Qxg4 c5 51.Bh4 Bf6 52.Qg8+ Kc7 53.Qc8+ Kd6 54.b8=Q+ Nxb8 55.Qxb8+ Kd5
56.Qa8+ Kc4 57.Qa4+ Kd5 58.Qd1+ Kc4 59.Qa4+ Kd5 60.Qb3+ c4 61.Qf3+ Ke6  1-0

[Event "TCh-Rep. Srpska"]
[Site "Jahorina BIH"]
[Date "2001.08.13"]
[Round "3"]
[White "Ilincic,Z"]
[Black "Tosic,M"]
[Result "1-0"]
[WhiteElo "2546"]
[BlackElo "2497"]

1.d4 d5 2.c4 c6 3.Nf3 Nf6 4.Nc3 a6 5.e3 b5 6.b3 Bg4 7.Be2 e6 8.O-O Nbd7 9.Bb2 Be7
10.Ne5 Nxe5 11.dxe5 Bxe2 12.Nxe2 Nd7 13.cxd5 cxd5 14.Rc1 O-O 15.Rc6 Qb8 16.f4 Qb7
17.Qc2 Rfc8 18.Rc1 Bc5 19.Rxc8+ Rxc8 20.Bd4 Rc7 21.g4 Bb6 22.Qd2 Rxc1+ 23.Qxc1 Qc7
24.Bxb6 Qxc1+ 25.Nxc1 Nxb6 26.Nd3 a5 27.Nc5 Kf8 28.Kf2 Ke7 29.Ke2 Nd7 30.Nb7 a4
31.Kd3 axb3 32.axb3 Nb8 33.Kd4 Na6 34.Nd6 b4 35.Nb7 Ke8 36.h4 Ke7 37.h5 h6
38.Nc5 Nb8 39.Nd3 Na6 40.e4 dxe4 41.Kxe4 g6 42.Kd4 gxh5 43.gxh5 Kd8 44.Kc4 Nc7
45.Kxb4 Ne8 46.Ka5 Ng7 47.b4 Nxh5 48.b5 Ng7 49.b6 Nf5 50.b7 Kc7 51.Ka6 Ne7
52.Nb4 h5 53.f5 exf5 54.Nd5+  1-0

[Event "Faakersee Open"]
[Site "Latschach AUT"]
[Date "2001.08.13"]
[Round "4"]
[White "Siegmund,R"]
[Black "Reichenbacher,G"]
[Result "1/2-1/2"]
[WhiteElo "2128"]
[BlackElo "2038"]

1.d4 d5 2.c4 c6 3.Nf3 Nf6 4.Nc3 a6 5.c5 g6 6.Bf4 Nh5 7.e3 Nxf4 8.exf4 Bg4
9.Be2 Bxf3 10.Bxf3 Qc7 11.g3 Bg7 12.O-O O-O 13.Re1 Re8 14.Qd3 e6 15.b4 Nd7
16.a4 b6 17.Reb1 bxc5 18.bxc5  1/2-1/2

[Event "7th Stage Russian Cup"]
[Site "Togliatty RUS"]
[Date "2001.08.14"]
[Round "7"]
[White "Ayupov,D"]
[Black "Alavkin,A"]
[Result "1/2-1/2"]
[WhiteElo "2313"]
[BlackElo "2466"]

1.d4 d5 2.c4 c6 3.Nf3 Nf6 4.Nc3 a6 5.cxd5 cxd5 6.Bf4 Nc6 7.Rc1 Bf5 8.e3 Rc8
9.Bd3 Bxd3 10.Qxd3 e6 11.O-O Be7 12.h3 Nd7 13.a3 Nb6 14.e4 O-O 15.Rfe1 h6
16.Rcd1 Bf6 17.Be5 Be7 18.Bg3 Bf6 19.Be5 Bxe5 20.dxe5 Ne7 21.exd5 Nbxd5 22.Ne4 Ng6
23.b4 Qe7 24.Rc1 Rfd8 25.Qb3 Ngf4 26.Kh2 Ng6 27.g3 Rc7 28.h4 Rdc8 29.Qb2 Rd8  1/2-1/2

[Event "7th Stage Russian Cup"]
[Site "Togliatty RUS"]
[Date "2001.08.15"]
[Round "8"]
[White "Yevseev,D"]
[Black "Sidorov,A"]
[Result "1-0"]
[WhiteElo "2530"]
[BlackElo "2370"]

1.d4 d5 2.c4 c6 3.Nf3 Nf6 4.Nc3 a6 5.c5 Nbd7 6.Bf4 Nh5 7.e3 g6 8.Bd3 Bg7
9.O-O O-O 10.Bg5 Qe8 11.e4 dxe4 12.Nxe4 Ndf6 13.Nc3 h6 14.Bd2 Bg4 15.h3 Bxf3
16.Qxf3 Nd7 17.g4 Nhf6 18.Rfe1 Qd8 19.g5 hxg5 20.Bxg5 Re8 21.Bc4 Qc8 22.h4 e6
23.Ne4 Nxe4 24.Rxe4 Nf8 25.h5 Nh7 26.Bd2 g5 27.h6 Bf6 28.Rg4 Bd8 29.Re1 Qd7
30.Rge4 Bf6 31.Bc3 Bh8 32.Qh5 Kf8 33.Bd2 Bf6 34.Bd3 Ke7 35.R4e2 Rh8 36.Bxh7 Rxh7
37.Bxg5 Bxg5 38.Qxg5+ Kf8 39.Qf6 Re8 40.Re4 Qe7 41.Rxe6 Qxe6 42.Rxe6 Rxe6
43.Qd8+ Re8 44.Qd6+ Re7 45.Kf1 f5 46.Qf6+ Ke8 47.Qg6+ Ref7 48.Qe6+ Kd8 49.b4 Kc7
50.a4 Kb8 51.d5 cxd5 52.Qxd5 f4 53.b5 axb5 54.axb5 f3 55.Qe5+ Ka7 56.Qa1+ Kb8
57.b6 Rxh6 58.Qe5+  1-0

[Event "Ron Banwell Masters"]
[Site "London ENG"]
[Date "2001.08.18"]
[Round "1"]
[White "Bigg,A"]
[Black "Houska,Jo"]
[Result "0-1"]
[WhiteElo "2216"]
[BlackElo "2354"]

1.d4 d5 2.c4 c6 3.Nc3 Nf6 4.Nf3 a6 5.cxd5 cxd5 6.Bf4 Nc6 7.e3 Bg4 8.Be2 e6
9.Ne5 Bxe2 10.Qxe2 Rc8 11.O-O Be7 12.Rac1 Qa5 13.a3 O-O 14.Rc2 Nxe5 15.Bxe5 Nd7
16.Rfc1 Rc6 17.Bg3 Rfc8 18.f3 Nb6 19.Be1 Nc4 20.e4 dxe4 21.fxe4 Bg5 22.d5 R6c7
23.Rb1 Qb6+ 24.Bf2 Be3 25.dxe6 Bxf2+ 26.Qxf2 Qxe6 27.Rbc1 Nxb2 28.Nd5 Rxc2
29.Rxc2 Nc4 30.Qd4 b5 31.a4 h6 32.axb5 axb5 33.h3 Qd6 34.e5 Qe6 35.Ne3 Nxe3
36.Rxc8+ Qxc8 37.Qxe3 b4 38.Qb6 Qc4 39.Qb7 b3  0-1

[Event "Caissa IM"]
[Site "Miercurea Ciuc ROM"]
[Date "2001.08.20"]
[Round "1"]
[White "Bromberger,S"]
[Black "Marin,L"]
[Result "1-0"]
[WhiteElo "2353"]
[BlackElo "2159"]

1.d4 d5 2.c4 c6 3.Nc3 Nf6 4.Nf3 a6 5.Bg5 e6 6.e3 Nbd7 7.Qc2 Qa5 8.cxd5 exd5
9.Bd3 Bd6 10.O-O O-O 11.Rab1 Re8 12.Rfc1 h6 13.Bh4 g5 14.Bg3 Bxg3 15.hxg3 Qd8
16.b4 Qe7 17.a4 Ne4 18.b5 axb5 19.axb5 Ra3 20.Bxe4 dxe4 21.Nd2 Nf6 22.Nc4 Ra7
23.bxc6 bxc6 24.Ne5 Qe6 25.Rb6 Bd7 26.Nxe4 Nxe4 27.Qxe4 Ra2 28.Nxd7 Qxd7
29.Qxc6  1-0

[Event "Ron Banwell Masters"]
[Site "London ENG"]
[Date "2001.08.26"]
[Round "9"]
[White "Batyrov,S"]
[Black "Houska,Jo"]
[Result "1/2-1/2"]
[WhiteElo "2402"]
[BlackElo "2354"]

1.d4 d5 2.Nf3 c6 3.c4 Nf6 4.Nc3 a6 5.cxd5 cxd5 6.g3 Nc6 7.Bg2 Bf5 8.O-O e6
9.h3 Be7 10.Be3 h6 11.a3 O-O 12.Rc1 Na5 13.Ne5 Qb6 14.b4 Nc4 15.Nxc4 dxc4
16.d5 Qc7 17.dxe6 fxe6 18.Bf4 Qc8 19.Qd4 Rd8 20.Qe3 a5 21.Na4 axb4 22.Nb6 Bc5
23.Nxc8 Bxe3 24.Ne7+ Kf7 25.Bxe3 Kxe7 26.axb4 Rac8 27.Bxb7 Bxh3 28.Bxc8 Bxf1
29.Bc5+ Ke8 30.Bxe6 Bxe2 31.Re1 Rd1 32.Rxd1 Bxd1 33.Bxc4 Ne4 34.Be3 Nd6 35.Bd3 Ba4
36.Bc5 Kd7 37.f3 Ke6 38.Bxd6 Kxd6 39.Kf2 Kd5 40.Ke3 g5 41.f4 gxf4+ 42.Kxf4 Kd4
43.Be2 Bd7 44.b5 Kc5 45.g4 Be6 46.Bd3 Bd7 47.Be2  1/2-1/2

[Event "Caissa IM"]
[Site "Miercurea Ciuc ROM"]
[Date "2001.08.27"]
[Round "8"]
[White "Manolache,M"]
[Black "Marin,L"]
[Result "1-0"]
[WhiteElo "2421"]
[BlackElo "2159"]

1.d4 d5 2.c4 c6 3.Nf3 Nf6 4.Nc3 a6 5.c5 Bf5 6.Bf4 Nbd7 7.h3 e6 8.e3 b6 9.b4 h6
10.Rc1 b5 11.a4 g5 12.Be5 Bg7 13.Bd6 Ne4 14.Nxe4 Bxe4 15.Ne5 Nxe5 16.dxe5 h5
17.f3 Bg6 18.Bd3 Bxd3 19.Qxd3 Rh6 20.f4 gxf4 21.O-O Rg6 22.exf4 Qh4 23.Kh2 Bh6
24.g3 Qd8 25.f5 exf5 26.Qxf5 Ra7 27.Rce1 Qd7 28.e6 Rxe6 29.Qf6 bxa4  1-0

[Event "EYCC B18"]
[Site "Halkidiki GRE"]
[Date "2001.09.07"]
[Round "7"]
[White "Pataki,G"]
[Black "Govciyan,P"]
[Result "1-0"]
[WhiteElo "2347"]
[BlackElo "2265"]

1.d4 d5 2.c4 c6 3.Nc3 Nf6 4.Nf3 a6 5.c5 Nbd7 6.Bf4 Nh5 7.e3 Nxf4 8.exf4 g6
9.Bd3 Bg7 10.O-O Qc7 11.Qd2 O-O 12.f5 Re8 13.Rae1 Nf6 14.fxg6 hxg6 15.Ne5 Ng4
16.f4 Nxe5 17.fxe5 a5 18.Na4 Be6 19.Nb6 Rad8 20.Qg5 Kh7 21.Re3 Rh8 22.Bxg6+  1-0

[Event "TCh-CRO"]
[Site "Pula CRO"]
[Date "2001.09.10"]
[Round "1"]
[White "Gyimesi,Z"]
[Black "Tukmakov,V"]
[Result "1/2-1/2"]
[WhiteElo "2602"]
[BlackElo "2604"]

1.d4 d5 2.c4 c6 3.Nf3 Nf6 4.Nc3 a6 5.c5 Nbd7 6.Bf4 Nh5 7.e3 g6 8.Bd3 Nxf4
9.exf4 Bg7 10.O-O O-O 11.Rc1 Qc7 12.g3 Nf6 13.Qc2 Bh3 14.Rfe1 e6 15.Re3 Bf5
16.Kg2 Bxd3 17.Qxd3 Nd7 18.Re2 Rae8 19.b4 Re7 20.Rce1 Rfe8 21.h4 h5 22.Rc2 Ra8
23.Rb1 Ree8 24.Nd1 Reb8 25.a3 Bf8 26.Rbc1 a5 27.b5 cxb5 28.Qxb5 a4 29.Ne5 Nxe5
30.fxe5 b6 31.cxb6 Qxb6 32.Qd3 Qa6 33.Qf3 Rb3 34.Ne3 Bxa3 35.Rc7 Rf8 36.R1c6 Qd3
37.Ra7 Qxd4 38.Rcc7 Rc3 39.Rd7 Qe4 40.Qxe4 dxe4 41.Rxa4  1/2-1/2

[Event "ch-UKR"]
[Site "Ordzhonikidze UKR"]
[Date "2001.09.12"]
[Round "5"]
[White "Eljanov,P"]
[Black "Vysochin,S"]
[Result "1-0"]
[WhiteElo "2522"]
[BlackElo "2542"]

1.d4 Nf6 2.Nf3 d5 3.c4 c6 4.Nc3 a6 5.e3 b5 6.cxd5 cxd5 7.Bd3 e6 8.O-O Bb7
9.Ne2 Ne4 10.a4 b4 11.a5 Bd6 12.Bd2 O-O 13.Qa4 Qe7 14.Rfc1 Nxd2 15.Nxd2 Nd7
16.Qd1 Nf6 17.Ng3 g6 18.Qe2 e5 19.dxe5 Bxe5 20.Nf3 Bd6 21.Nd4 h5 22.Rc2 Ng4
23.Nf1 Ne5 24.Nd2 Rfe8 25.Rac1 Qf6 26.N2b3 Qh4 27.h3 Qf6 28.Nc5 Bc8 29.Na4 Bb7
30.Nb6 Nxd3 31.Qxd3 Rad8 32.b3 Bb8 33.Qd1 Qd6 34.Qf3 Re4 35.Nc6 Qh2+ 36.Kf1 Bxc6
37.Rxc6 Qe5 38.R6c5 Qe6 39.Rd1 Re5 40.Rcxd5 Re8 41.Nd7 Rxd5 42.Qxd5 Bc7 43.Qxe6 Rxe6
44.Rd5 Kg7 45.Ke2 h4 46.Rc5 Bd8 47.Nb8 Rd6 48.Nc6 Rd7 49.Rc4 Bf6 50.Rxb4 Bc3
51.Rc4 Rd2+ 52.Kf3 Bf6 53.Nb8 Be5 54.Nxa6 Bh2 55.Rc1 f5 56.Nc5 g5 57.Ne6+ Kf6
58.Nd4 g4+ 59.hxg4 fxg4+ 60.Kxg4 Rxf2 61.Rc2 Rf1 62.Ra2 Bb8 63.Nc6 Bc7 64.a6 h3
65.gxh3 Rg1+ 66.Kf3 Rg3+ 67.Ke4 Bb6 68.Rf2+ Kg7 69.Rf3 Rg2 70.b4  1-0

[Event "TCh-CRO"]
[Site "Pula CRO"]
[Date "2001.09.12"]
[Round "3"]
[White "Zaja,I"]
[Black "Tukmakov,V"]
[Result "1/2-1/2"]
[WhiteElo "2488"]
[BlackElo "2604"]

1.d4 d5 2.c4 c6 3.Nf3 Nf6 4.Nc3 a6 5.c5 Bf5 6.Qb3 Ra7 7.Nh4 Bg6 8.Bg5 Nbd7
9.Nxg6 hxg6 10.e4 dxe4 11.Bc4 e6 12.Nxe4 Be7 13.Nd2 O-O 14.Nf3 Nd5 15.h4 N7f6
16.Ne5 Ne4 17.Bxd5 exd5 18.Bf4 Qa5+ 19.Kf1 Qb5+ 20.Kg1 Qxb3  1/2-1/2

[Event "President's Cup"]
[Site "Abudhabi UAE"]
[Date "2001.09.14"]
[Round "3"]
[White "Saud,M"]
[Black "Hassan,Ab"]
[Result "1/2-1/2"]
[WhiteElo "2163"]
[BlackElo "2242"]

1.d4 d5 2.Nf3 Nf6 3.c4 c6 4.Nc3 a6 5.e3 b5 6.cxd5 cxd5 7.Bd3 e6 8.O-O Be7
9.Ne5 O-O 10.a3 Bb7 11.b4 Nbd7 12.Bb2 Rc8 13.f4  1/2-1/2

[Event "President's Cup"]
[Site "Abudhabi UAE"]
[Date "2001.09.15"]
[Round "4"]
[White "Nawaf,F"]
[Black "Mohd,A"]
[Result "0-1"]
[WhiteElo "2125"]
[BlackElo "2117"]

1.d4 d5 2.Nf3 Nf6 3.c4 c6 4.Nc3 a6 5.cxd5 cxd5 6.Bf4 Nc6 7.e3 Bg4 8.h3 Bxf3
9.Qxf3 Qb6 10.Qe2 e6 11.a3 Qa5 12.Rc1 b5 13.Qd2 Rc8 14.Bd3 Be7 15.O-O O-O
16.g4 Qb6 17.Qe2 Na5 18.g5 Nd7 19.Kh1 Bd6 20.Qg4 Bxf4 21.Qxf4 Nc4 22.Rc2 g6
23.Bxc4 Rxc4 24.Qg4 Rfc8 25.h4 a5 26.Re2 b4 27.axb4 axb4 28.Na4 Qb5 29.b3 Rc2
30.Ree1 Qd3 31.Nc5 Nxc5 32.dxc5 Qxb3 33.h5 Qc4 34.e4 Rxc5 35.hxg6 hxg6 36.Kg2 Qd4
37.Qf4 dxe4 38.Rd1 Qe5 39.Kg3 Qxg5+ 40.Qxg5 Rxg5+ 41.Kf4 Rf5+ 42.Kxe4  0-1

[Event "TCh-CRO Women"]
[Site "Pula CRO"]
[Date "2001.09.17"]
[Round "8"]
[White "Cosma,E"]
[Black "Macek,V"]
[Result "1/2-1/2"]
[WhiteElo "2352"]
[BlackElo "2237"]

1.d4 d5 2.c4 c6 3.Nf3 Nf6 4.Nc3 a6 5.Bg5 Nbd7 6.e3 e6 7.cxd5 cxd5 8.a4 Be7
9.Bd3 O-O 10.O-O h6 11.Bh4 Ne8 12.Bg3 Bd6 13.Ne5 Nxe5 14.dxe5 Bc5 15.Rc1 b6
16.Bb1 a5 17.Qc2 g6 18.Rfd1 Bb7 19.Qd2 Nc7 20.f4 Na6 21.Qe1 Bc6 22.Bh4 Qd7
23.Ne4 Qb7 24.Nf6+ Kg7 25.Ng4 Rfc8 26.Bf6+ Kf8 27.b3 h5 28.Nf2 Ke8 29.Bd3 Nb4
30.Qe2 Nxd3 31.Nxd3 Bf8 32.Rc2  1/2-1/2

[Event "President's Cup"]
[Site "Abudhabi UAE"]
[Date "2001.09.18"]
[Round "7"]
[White "Tareq,H"]
[Black "Mohd,A"]
[Result "1/2-1/2"]
[WhiteElo "2155"]
[BlackElo "2117"]

1.d4 d5 2.c4 c6 3.Nc3 Nf6 4.Nf3 a6 5.c5 Nbd7 6.Bf4 Nh5 7.e3 g6 8.Bd3 Bg7
9.O-O O-O 10.g4 Nxf4 11.exf4 b6 12.cxb6 Qxb6 13.Na4 Qa7 14.Bc2 c5 15.dxc5 Nxc5
16.Ne5 Ne6 17.Qd2 Bb7 18.Rad1 Rac8 19.Bb3 Rfd8 20.Rfe1 Bf6 21.Nf3 Qb8 22.f5 gxf5
23.g5 Bg7 24.Nb6 Rc5 25.Na4 Rc7 26.Nh4 Nd4 27.Qd3 e6 28.Nf3 Nxb3 29.axb3 Ba8
30.Qxa6 Qxb3 31.Rd3 Qc4 32.Qxc4 Rxc4 33.Nb6 Rg4+ 34.Kf1 Bc6 35.Rb3 Rb8 36.h3 Rf4
37.Ne5 Bxe5 38.Rxe5 Re4 39.Rxe4 fxe4 40.Ke2 Rb7 41.Ke3 Kf8 42.Kd4 Ba4 43.Rb4 Bc2
44.Ke5 Rc7 45.Kf6 Ke8 46.Rb5 d4 47.Ra5 Rd7 48.Nxd7 Kxd7 49.Ra7+ Kc6 50.Ra6+ Kc5
51.Ke5 d3 52.Rd6 Bb3 53.Rd4 Bd5 54.b4+ Kb5 55.Kf4 Ka6 56.Ke3 Kb6 57.h4 Kc6
58.f3 e5 59.b5+ Kc5 60.Rxd5+ Kxd5 61.fxe4+ Kc5 62.b6 Kxb6 63.Kxd3 Kc5 64.Kc3 Kb5
65.Kb3 Kc5 66.Kc3  1/2-1/2

[Event "6th ECCW"]
[Site "Belgrade YUG"]
[Date "2001.09.18"]
[Round "3"]
[White "Srebrnic,A"]
[Black "Marin,L"]
[Result "1-0"]
[WhiteElo "2176"]
[BlackElo "2159"]

1.Nf3 d5 2.d4 Nf6 3.c4 c6 4.Nc3 a6 5.c5 Bf5 6.Qb3 Ra7 7.Bf4 Nbd7 8.h3 h6
9.g4 Bh7 10.Bg2 g5 11.Bg3 Bg7 12.e3 O-O 13.Ne5 Ne4 14.Nxd7 Qxd7 15.Bxe4 Bxe4
16.Nxe4 dxe4 17.O-O-O a5 18.Be5 a4 19.Qc4 Qd5 20.Qxd5 cxd5 21.Bxg7 Kxg7 22.h4 gxh4
23.Rxh4 Ra6 24.Rh5 Rd8 25.g5 hxg5 26.Rxg5+ Rg6 27.Rxg6+ Kxg6 28.b4 axb3 29.axb3 Kf5
30.Rh1 Ke6 31.b4 Kd7 32.Kc2 Ra8 33.Kb3 f6 34.Rg1 Kc6 35.Rg7 Kd7 36.b5 Ra1
37.Kb4 Ra2 38.Rg2 Ra8 39.Rh2 Kc7 40.Rh5 Rd8 41.Rh7 Re8 42.Rh5 Rd8 43.Kc3 Rd7
44.Kb3 Rd8 45.Kb4 b6 46.Rh7 Re8 47.Rh1 Ra8 48.Rc1 Ra2 49.cxb6+ Kxb6 50.Rc6+ Kb7
51.Re6 Rxf2 52.Rxe7+ Kb6 53.Re6+ Kb7 54.Kc5 f5 55.Re7+ Kb8 56.Kc6 Rc2+ 57.Kxd5 Rc3
58.Rf7 Rxe3 59.Rxf5 Kb7 60.Re5 Kb6 61.Rxe4 Rc3 62.Re8 Kxb5 63.Rb8+ Ka6 64.Kd6 Rh3
65.d5 Ka7 66.Rb4 Rh6+ 67.Kc7 Rh7+ 68.Kc6 Rh1 69.d6 Rc1+ 70.Kd7 Rd1 71.Kc7 Rc1+
72.Kd8 Rh1 73.d7 Rh2 74.Kc7 Rc2+ 75.Kd6 Rd2+ 76.Ke6 Rd1 77.Rb5  1-0

[Event "6th ECCW"]
[Site "Belgrade YUG"]
[Date "2001.09.20"]
[Round "5"]
[White "Djuric,Ve"]
[Black "Marin,L"]
[Result "1/2-1/2"]
[WhiteElo "2015"]
[BlackElo "2159"]

1.d4 d5 2.Nf3 Nf6 3.c4 c6 4.Nc3 a6 5.Ne5 Nbd7 6.g3 dxc4 7.Nxc4 b5 8.Nd2 Bb7
9.Bg2 e6 10.O-O Be7 11.Nde4 O-O 12.Bf4 b4 13.Na4 Nxe4 14.Bxe4 Qa5 15.Rc1 Rac8
16.Qc2 f5 17.Bg2 e5 18.dxe5 Nxe5 19.Nc5 Bxc5 20.Qxc5 Qxc5 21.Rxc5 Nd7 22.Rc4 a5
23.Rd1 Nb6 24.Rc5 Rfe8 25.Bf3 Ba6 26.e3 Bb5 27.Rxf5 Na4 28.Rd7 Rcd8 29.Rc7 Rc8
30.Rb7 Rf8 31.Bg4 Rxf5 32.Bxf5 Re8 33.Bd7 Re7 34.Bxc6 Rxb7 35.Bxb7 Nxb2 36.Bc7 a4
37.Bd5+ Kh8 38.Bd6 Nd3 39.e4 g6 40.Bf8 h5 41.f4 h4 42.f5 gxf5 43.exf5 hxg3
44.hxg3 b3 45.axb3 axb3 46.Bxb3 Ne5 47.f6 Kh7 48.Bd6 Nd7 49.f7 Kg7 50.Be6 Nf8
51.Bxf8+ Kxf8 52.Kf2 Bd3 53.Kf3 Bg6 54.Kf4 Kg7 55.Kg5 Bd3 56.g4 Bc2 57.Kf4 Bb1
58.Ke5 Bg6 59.Bd5 Kf8 60.Kf6 Bxf7 61.Be4 Be8 62.g5 Bh5 63.Bf5 Be8 64.Bg4 Bf7
65.Bf5 Be8 66.Bg6 Bf7  1/2-1/2